[Event "European Youth Chess Championship B18"]
[Site "Prague, Top Hotel Prague"]
[Date "2016.08.18"]
[Round "1.53"]
[White "Chovan, Milan"]
[Black "Kuna, Martin"]
[Result "1-0"]
[WhiteElo "2231"]
[BlackElo "1832"]
[PlyCount "61"]
[EventDate "2016.08.18"]

1. c4 e5 2. g3 Nf6 3. Bg2 c6 4. d4 Bb4+ 5. Bd2 Bxd2+ 6. Qxd2 d6 7. Nc3 O-O 8.
e3 Be6 9. b3 exd4 10. Qxd4 d5 11. cxd5 cxd5 12. Nge2 Nc6 13. Qd2 Qa5 14. O-O
Rfd8 15. h3 Rac8 16. Rfd1 Ne5 17. g4 h6 18. f4 Nc6 19. f5 d4 20. exd4 Bd5 21.
Nxd5 Nxd5 22. Qxa5 Nxa5 23. Bxd5 Rxd5 24. Nf4 Rd7 25. d5 Rc3 26. Rac1 Rxc1 27.
Rxc1 b6 28. Rc8+ Kh7 29. Ne6 Rxd5 30. Nf8+ Kg8 31. Ng6+ 1-0

[Event "European Youth Chess Championship B18"]
[Site "Prague, Top Hotel Prague"]
[Date "2016.08.18"]
[Round "1.54"]
[White "Ozcan, Kadir Kutay"]
[Black "Bunyatov, Rustam"]
[Result "0-1"]
[WhiteElo "1808"]
[BlackElo "2230"]
[PlyCount "104"]
[EventDate "2016.08.18"]

1. e4 c5 2. Nf3 d6 3. c3 Nf6 4. Bd3 g6 5. O-O Bg7 6. Bc2 O-O 7. d4 cxd4 8. cxd4
Bg4 9. h3 Bxf3 10. Qxf3 Nc6 11. Rd1 Nd7 12. Be3 Qb6 13. Bb3 Bxd4 14. Nc3 Bxe3
15. fxe3 Nce5 16. Qg3 Nc5 17. Nd5 Qd8 18. Bc2 Rc8 19. Rac1 Ncd3 20. Bxd3 Rxc1
21. Be2 Rxd1+ 22. Bxd1 e6 23. Nc3 b5 24. Nxb5 Qb6 25. Nd4 Qxb2 26. Bb3 Nd3 27.
Qxd6 Qf2+ 28. Kh2 Ne1 29. Qg3 Qxg3+ 30. Kxg3 Nd3 31. Nc6 a6 32. Bc4 Nc5 33. Kf4
Kg7 34. Ke5 Rc8 35. Kd6 Nxe4+ 36. Kd7 Ra8 37. Kc7 a5 38. Kb7 Nd6+ 39. Kxa8 Nxc4
40. Kb7 a4 41. Ka6 Nxe3 42. Kb5 Nxg2 43. Kxa4 f5 44. Kb5 f4 45. Ne5 Kf6 46.
Ng4+ Ke7 47. Kc4 Ne3+ 48. Nxe3 fxe3 49. Kd3 g5 50. Kxe3 h5 51. Ke4 Kd6 52. a3
Kc5 0-1

[Event "European Youth Chess Championship B18"]
[Site "Prague, Top Hotel Prague"]
[Date "2016.08.18"]
[Round "1.55"]
[White "Laiz, Ibanez Hector"]
[Black "Berthaut, Alexandre"]
[Result "1-0"]
[WhiteElo "2229"]
[BlackElo "1720"]
[PlyCount "46"]
[EventDate "2016.08.18"]

1. Nf3 Nf6 2. c4 g6 3. g3 Bg7 4. Bg2 O-O 5. O-O d6 6. d4 Nc6 7. Nc3 e5 8. d5
Ne7 9. e4 Nh5 10. Ne1 a6 11. Nd3 f5 12. exf5 Bxf5 13. f4 Bxd3 14. Qxd3 exf4 15.
g4 Nf6 16. Rxf4 Nd7 17. Rxf8+ Qxf8 18. Bg5 Ne5 19. Qh3 Nxc4 20. Rf1 Qc8 21. Qh4
Nxb2 22. Re1 Bxc3 23. Rxe7 Qf8 1-0

[Event "European Youth Chess Championship B18"]
[Site "Prague, Top Hotel Prague"]
[Date "2016.08.19"]
[Round "2.1"]
[White "Grigorian, Spartak"]
[Black "Vavulin, Maksim"]
[Result "0-1"]
[WhiteElo "2340"]
[BlackElo "2559"]
[PlyCount "80"]
[EventDate "2016.08.18"]

1. d4 Nf6 2. c4 e6 3. Nc3 Bb4 4. e3 b6 5. Nge2 Bb7 6. a3 Bf8 7. d5 g6 8. g3 Bg7
9. Bg2 O-O 10. O-O exd5 11. cxd5 c5 12. b4 d6 13. bxc5 bxc5 14. Rb1 Ba6 15. Nb5
Qb6 16. Nec3 Nbd7 17. Qa4 Rab8 18. Rd1 Bxb5 19. Rxb5 Qc7 20. Ra5 Nb6 21. Qc6
Qe7 22. Nb5 Nc4 23. Rxa7 Qe5 24. Rb7 Rbd8 25. Qa6 Ra8 26. Na7 Qc3 27. Qa4 Ng4
28. h3 Ngxe3 29. fxe3 Nxe3 30. Bxe3 Qxe3+ 31. Kh2 c4 32. Qxc4 Rxa7 33. Rd3 Qxd3
34. Qxd3 Rxb7 35. a4 Ra8 36. Qa3 Be5 37. Bf1 Rb2+ 38. Kg1 Ra5 39. Bc4 Rc5 40.
Qd3 Rb4 0-1

[Event "European Youth Chess Championship B18"]
[Site "Prague, Top Hotel Prague"]
[Date "2016.08.19"]
[Round "2.2"]
[White "Petrosyan, Manuel"]
[Black "Pulpan, Jakub"]
[Result "1-0"]
[WhiteElo "2512"]
[BlackElo "2321"]
[PlyCount "67"]
[EventDate "2016.08.18"]

1. d4 Nf6 2. c4 e6 3. Nf3 b6 4. g3 Ba6 5. b3 Bb4+ 6. Bd2 Be7 7. Nc3 c6 8. e4 d5
9. Qc2 dxe4 10. Nxe4 Nbd7 11. Bc3 Bb7 12. Nxf6+ Bxf6 13. Bd3 c5 14. Be4 Bxe4
15. Qxe4 O-O 16. O-O Qc7 17. Rac1 Rad8 18. Rfd1 a6 19. b4 cxb4 20. Bxb4 Rfe8
21. Re1 Nb8 22. Bd2 Qc6 23. Bf4 Qa4 24. Qb1 Qc6 25. Qb3 Nd7 26. d5 Qc5 27. Nd2
exd5 28. cxd5 Rxe1+ 29. Rxe1 Nf8 30. d6 Ne6 31. Ne4 Qb5 32. Qxb5 axb5 33. Rb1
Nd4 34. Be3 1-0

[Event "European Youth Chess Championship B18"]
[Site "Prague, Top Hotel Prague"]
[Date "2016.08.19"]
[Round "2.3"]
[White "Toma, Radu-Cristian"]
[Black "Stefanov, Emil"]
[Result "1/2-1/2"]
[WhiteElo "2303"]
[BlackElo "2505"]
[PlyCount "52"]
[EventDate "2016.08.18"]

1. d4 c5 2. d5 Nf6 3. Nf3 e6 4. c4 exd5 5. cxd5 d6 6. Nc3 g6 7. Bf4 Bg7 8. e3
O-O 9. h3 Na6 10. Be2 Nc7 11. a4 Re8 12. O-O Ne4 13. Qb3 g5 14. Bh2 g4 15. hxg4
Bxg4 16. Rad1 f5 17. Rfe1 Rb8 18. Nd2 Nxc3 19. bxc3 Bxe2 20. Rxe2 b5 21. c4 a6
22. e4 bxc4 23. Qxc4 Rb4 24. Qa2 Rb2 25. Qc4 Rb4 26. Qa2 Rb2 1/2-1/2

[Event "European Youth Chess Championship B18"]
[Site "Prague, Top Hotel Prague"]
[Date "2016.08.19"]
[Round "2.4"]
[White "Kelires, Andreas"]
[Black "Meunier, Clement"]
[Result "1/2-1/2"]
[WhiteElo "2483"]
[BlackElo "2293"]
[PlyCount "88"]
[EventDate "2016.08.18"]

1. d4 Nf6 2. c4 g6 3. Nc3 Bg7 4. e4 d6 5. f3 a6 6. Be3 c6 7. c5 O-O 8. Nge2 b5
9. cxd6 exd6 10. Nf4 Re8 11. Qd2 b4 12. Nd1 d5 13. e5 Nfd7 14. Be2 a5 15. O-O
f6 16. exf6 Qxf6 17. Re1 Nb6 18. Nf2 Ra7 19. Bf1 Rae7 20. b3 Na6 21. N4d3 Qf7
22. Rac1 Rxe3 23. Rxe3 Bxd4 24. Rxe8+ Qxe8 25. Nxb4 Qe3 26. Qxe3 Bxe3 27. Nxc6
Bxc1 28. Ne7+ Kf7 29. Nxc8 Nxc8 30. Bxa6 Ne7 31. Kf1 Ke6 32. Ke2 Nc6 33. Nd3
Ba3 34. Bc8+ Kd6 35. Kd2 Nb4 36. Nxb4 Bxb4+ 37. Kd3 Ke5 38. g3 g5 39. Bb7 h6
40. Bc6 Bc5 41. Bb7 Bg1 42. h3 Bh2 43. g4 Bg1 44. Bc6 Bc5 1/2-1/2

[Event "European Youth Chess Championship B18"]
[Site "Prague, Top Hotel Prague"]
[Date "2016.08.19"]
[Round "2.5"]
[White "Bakhmatsky, Vladislav"]
[Black "Bellahcene, Bilel"]
[Result "0-1"]
[WhiteElo "2296"]
[BlackElo "2467"]
[PlyCount "70"]
[EventDate "2016.08.18"]

1. e4 c5 2. Nf3 d6 3. d4 cxd4 4. Nxd4 Nf6 5. Nc3 a6 6. h3 e6 7. g4 Be7 8. g5
Nfd7 9. h4 b5 10. a3 Bb7 11. Be3 Nb6 12. f4 Na4 13. Nxa4 Bxe4 14. Nxb5 O-O 15.
Rh2 axb5 16. Nc3 Bc6 17. Bd3 Nd7 18. b4 d5 19. Ne2 e5 20. fxe5 Nxe5 21. Nd4 Bd7
22. Qd2 Bd6 23. Rg2 Qe7 24. c3 Rfe8 25. Be2 Ng6 26. Kf2 Nxh4 27. Rgg1 Bh2 28.
Bf4 Bxg1+ 29. Rxg1 Ng6 30. Bg3 Rxa3 31. Bxb5 Rea8 32. Be2 Ra2 33. Qe3 Qxe3+ 34.
Kxe3 Re8+ 35. Kf3 Re4 0-1

[Event "European Youth Chess Championship B18"]
[Site "Prague, Top Hotel Prague"]
[Date "2016.08.19"]
[Round "2.6"]
[White "Nguyen, Thai Dai Van"]
[Black "Patrascu, Catalin-Lucian"]
[Result "1-0"]
[WhiteElo "2445"]
[BlackElo "2286"]
[PlyCount "89"]
[EventDate "2016.08.18"]

1. e4 e5 2. Nf3 Nc6 3. Bb5 a6 4. Ba4 Nf6 5. O-O Be7 6. d3 b5 7. Bb3 d6 8. c3
O-O 9. Re1 Na5 10. Bc2 c5 11. Nbd2 Nc6 12. Nf1 Re8 13. Ne3 Bf8 14. a4 Bb7 15.
Nf5 Ne7 16. N3h4 Nxf5 17. Nxf5 d5 18. Qf3 c4 19. Bg5 Re6 20. d4 Qc7 21. Bxf6
Rxf6 22. dxe5 Qxe5 23. exd5 Qxd5 24. Be4 Qc5 25. Bxb7 Rxf5 26. Bxa8 Rxf3 27.
Bxf3 b4 28. Rad1 g6 29. Rd5 Qb6 30. a5 Qf6 31. Re3 h5 32. Be2 bxc3 33. bxc3 Bh6
34. Re8+ Kg7 35. Rd4 Qf5 36. g3 Qxa5 37. Rxc4 Bg5 38. h4 Bf6 39. Re3 Qd5 40.
Rc7 Be5 41. Bf3 Qb5 42. Rb7 Qc5 43. Kg2 Bxc3 44. Ree7 Qf5 45. Be4 1-0

[Event "European Youth Chess Championship B18"]
[Site "Prague, Top Hotel Prague"]
[Date "2016.08.19"]
[Round "2.7"]
[White "Hollan, Petr"]
[Black "Livaic, Leon"]
[Result "1/2-1/2"]
[WhiteElo "2292"]
[BlackElo "2444"]
[PlyCount "49"]
[EventDate "2016.08.18"]

1. e4 e6 2. d4 d5 3. Bd3 c5 4. exd5 exd5 5. Nf3 c4 6. Be2 Nf6 7. O-O Nc6 8. b3
cxb3 9. axb3 Be7 10. Ne5 O-O 11. Nxc6 bxc6 12. Bf4 Re8 13. Nc3 Bd6 14. Bxd6
Qxd6 15. Qd2 Bf5 16. Ra4 Re7 17. Rfa1 h6 18. h3 Qc7 19. Bf1 Nh7 20. b4 Nf6 21.
Ra6 Bc8 22. R6a5 Bf5 23. Ra6 Bc8 24. R6a5 Bf5 25. Ra6 1/2-1/2

[Event "European Youth Chess Championship B18"]
[Site "Prague, Top Hotel Prague"]
[Date "2016.08.19"]
[Round "2.8"]
[White "Santos, Ruiz Miguel"]
[Black "Winiarski, Mikolaj"]
[Result "1-0"]
[WhiteElo "2440"]
[BlackElo "2285"]
[PlyCount "97"]
[EventDate "2016.08.18"]

1. e4 c6 2. d4 d5 3. exd5 cxd5 4. Bd3 Nc6 5. c3 Qc7 6. Ne2 Bg4 7. O-O e6 8. Qe1
Bxe2 9. Qxe2 Nf6 10. Nd2 Bd6 11. Nf3 O-O 12. Re1 Rae8 13. Ne5 Nd7 14. Nxd7 Qxd7
15. Qh5 f5 16. Bf1 Re7 17. Bg5 Ref7 18. Bd2 Rf6 19. Qf3 f4 20. Bd3 Kh8 21. Re2
e5 22. dxe5 Nxe5 23. Rxe5 Bxe5 24. Qh5 g5 25. Qxg5 Bb8 26. c4 d4 27. Rd1 R6f7
28. Qh5 Rg7 29. Be4 Re8 30. Bd5 Bd6 31. Qf3 Rf8 32. b3 b6 33. h3 Be5 34. Bb4
Bd6 35. Bd2 Be5 36. Bc1 Qd6 37. Bb2 Qf6 38. Ba3 Rd8 39. Re1 h6 40. Qe4 Bd6 41.
Bb2 Bc5 42. b4 f3 43. bxc5 Rxg2+ 44. Kf1 Qg7 45. Qe8+ Rxe8 46. Rxe8+ Kh7 47.
Be4+ Rg6 48. Re6 Qd7 49. Rxg6 1-0

[Event "European Youth Chess Championship B18"]
[Site "Prague, Top Hotel Prague"]
[Date "2016.08.19"]
[Round "2.9"]
[White "Rajkovic, Mladen"]
[Black "Vykouk, Jan"]
[Result "1/2-1/2"]
[WhiteElo "2286"]
[BlackElo "2434"]
[PlyCount "89"]
[EventDate "2016.08.18"]

1. e4 c5 2. Nf3 d6 3. Bb5+ Nd7 4. O-O Ngf6 5. Re1 a6 6. Bd3 g6 7. c3 Ne5 8.
Nxe5 dxe5 9. Qe2 Bh6 10. a4 O-O 11. Na3 Bg4 12. f3 Be6 13. Bc4 Bd7 14. Nc2 Qc7
15. a5 Ne8 16. d3 Bxc1 17. Rexc1 Nd6 18. Ne3 e6 19. Qf2 Nxc4 20. Nxc4 Bb5 21.
Nb6 Rad8 22. d4 cxd4 23. cxd4 Qd6 24. d5 f5 25. Qc2 fxe4 26. fxe4 exd5 27. Nxd5
Rf7 28. h3 Rdf8 29. Qb3 Kh8 30. Qg3 Re8 31. Rc3 Bc6 32. Rd1 Qf8 33. Kh2 Qg7 34.
Rf3 Rxf3 35. Qxf3 Qf8 36. Qg3 Qd6 37. Qg5 Qd8 38. Qd2 Rf8 39. Nc3 Qxd2 40. Rxd2
Kg7 41. Kg1 Rf6 42. g3 Kf7 43. Rf2 Rxf2 44. Kxf2 Ke6 45. Kf3 1/2-1/2

[Event "European Youth Chess Championship B18"]
[Site "Prague, Top Hotel Prague"]
[Date "2016.08.19"]
[Round "2.11"]
[White "Molenda, Marcin"]
[Black "Suarez, Gomez Julio"]
[Result "1-0"]
[WhiteElo "2277"]
[BlackElo "2429"]
[PlyCount "99"]
[EventDate "2016.08.18"]

1. d4 Nf6 2. Nf3 e6 3. c4 d5 4. g3 Bb4+ 5. Bd2 Be7 6. Bg2 c6 7. Qc2 Nbd7 8. O-O
O-O 9. Bg5 b6 10. Nbd2 Ba6 11. Rac1 h6 12. Bxf6 Bxf6 13. e4 Rc8 14. Rfe1 dxc4
15. Nxc4 Qc7 16. Ne3 Qb8 17. Ng4 Be7 18. Nfe5 Qb7 19. Nxc6 Bb4 20. Red1 Nb8 21.
e5 Nxc6 22. Bxc6 Rxc6 23. Qxc6 Qxc6 24. Rxc6 Be2 25. Ne3 Bxd1 26. Nxd1 Rd8 27.
Rc4 Bf8 28. Nc3 a6 29. Ne2 b5 30. Rc6 a5 31. f4 a4 32. Kf2 b4 33. Ke3 Rb8 34.
Nc1 g5 35. Ke4 gxf4 36. gxf4 Kg7 37. f5 h5 38. Rc7 Kg8 39. Nd3 Rb6 40. fxe6
fxe6 41. Nf4 Bh6 42. Nxh5 b3 43. a3 Kf8 44. Nf6 Ra6 45. h4 Bd2 46. h5 Ba5 47.
Rc8+ Kg7 48. Rg8+ Kf7 49. h6 Bc3 50. h7 1-0

[Event "European Youth Chess Championship B18"]
[Site "Prague, Top Hotel Prague"]
[Date "2016.08.19"]
[Round "2.12"]
[White "Fidalgo, Andre Neves"]
[Black "Beerdsen, Thomas"]
[Result "0-1"]
[WhiteElo "2266"]
[BlackElo "2424"]
[PlyCount "61"]
[EventDate "2016.08.18"]

1. e4 e5 2. Nf3 Nc6 3. Bc4 Nf6 4. d3 h6 5. c3 d6 6. Nbd2 a6 7. a4 Be7 8. O-O
O-O 9. Re1 Be6 10. a5 Qd7 11. Qb3 Rfe8 12. d4 exd4 13. cxd4 d5 14. exd5 Bxd5
15. Ne5 Nxe5 16. dxe5 Bc5 17. Bxd5 Nxd5 18. Nf3 Qb5 19. Qxb5 axb5 20. Bd2 c6
21. Rec1 Bb4 22. a6 Rxa6 23. Rxa6 bxa6 24. Rxc6 Bxd2 25. Rd6 Bc1 26. Rxd5 Bxb2
27. g3 Bc3 28. Kf1 b4 29. Rc5 Ra8 30. Ke2 a5 31. Kd3 0-1

[Event "European Youth Chess Championship B18"]
[Site "Prague, Top Hotel Prague"]
[Date "2016.08.19"]
[Round "2.13"]
[White "Egri, Laszlo Jr"]
[Black "Juhasz, Armin"]
[Result "1/2-1/2"]
[WhiteElo "2257"]
[BlackElo "2411"]
[PlyCount "38"]
[EventDate "2016.08.18"]

1. Nf3 d5 2. c4 e6 3. g3 dxc4 4. Bg2 Nd7 5. Qa4 a6 6. Qxc4 b5 7. Qc2 Bb7 8. a4
b4 9. O-O Ngf6 10. a5 c5 11. d3 Bd6 12. Nbd2 O-O 13. Nc4 Bc7 14. Bg5 Rb8 15.
Rfc1 h6 16. Bxf6 Qxf6 17. Nfd2 Bxg2 18. Kxg2 Rb5 19. Nb3 g5 1/2-1/2

[Event "European Youth Chess Championship B18"]
[Site "Prague, Top Hotel Prague"]
[Date "2016.08.19"]
[Round "2.14"]
[White "Tokranovs, Dmitrijs"]
[Black "Christiansen, Johan-Sebastian"]
[Result "0-1"]
[WhiteElo "2257"]
[BlackElo "2404"]
[PlyCount "72"]
[EventDate "2016.08.18"]

1. e4 e6 2. d4 d5 3. Nc3 Nf6 4. Bg5 dxe4 5. Nxe4 Be7 6. Bxf6 gxf6 7. Nf3 f5 8.
Nc3 a6 9. g3 b5 10. Bg2 Bb7 11. O-O Bf6 12. Re1 O-O 13. Qd2 Qd6 14. Rad1 Bg7
15. Ne2 Nd7 16. Qf4 Nf6 17. c3 Rab8 18. Qh4 Rfd8 19. Nf4 c5 20. Rd3 cxd4 21.
Rxd4 Qb6 22. Rxd8+ Rxd8 23. Nh5 Nxh5 24. Qxh5 Rf8 25. Ne5 Bxg2 26. Kxg2 Qd6 27.
Nf3 b4 28. cxb4 Qxb4 29. Re2 Qc4 30. Ng5 h6 31. b3 Qb5 32. Nh3 Rc8 33. Nf4 Rc3
34. Rd2 Qc6+ 35. Kh3 Qc7 36. Qe2 Qxf4 0-1

[Event "European Youth Chess Championship B18"]
[Site "Prague, Top Hotel Prague"]
[Date "2016.08.19"]
[Round "2.15"]
[White "Rydl, Jiri"]
[Black "Nikolovski, Nikola"]
[Result "1/2-1/2"]
[WhiteElo "2401"]
[BlackElo "2252"]
[PlyCount "81"]
[EventDate "2016.08.18"]

1. c4 f5 2. g3 Nf6 3. Nf3 d6 4. d4 e6 5. Bg2 Be7 6. O-O O-O 7. b3 Ne4 8. Nfd2
Nxd2 9. Nxd2 Bf6 10. Bb2 Nc6 11. Nf3 Qe8 12. Qd2 e5 13. dxe5 dxe5 14. Rad1 Kh8
15. b4 e4 16. Nd4 Ne5 17. Qc2 Bd7 18. Nb3 Ba4 19. Rd5 Bc6 20. Rdd1 b6 21. b5
Bb7 22. Nd4 a6 23. a4 g6 24. c5 axb5 25. Nxb5 Qc6 26. Rc1 Rfc8 27. Bd4 bxc5 28.
Qxc5 Qxc5 29. Rxc5 Nd7 30. Bxf6+ Nxf6 31. Ra1 Ra5 32. Rc4 Bd5 33. Rcc1 c6 34.
Nc3 Rca8 35. f3 exf3 36. exf3 Nd7 37. Rd1 Nb6 38. Rd4 R8a7 39. Rb4 Nc4 40. Nxd5
cxd5 41. f4 1/2-1/2

[Event "European Youth Chess Championship B18"]
[Site "Prague, Top Hotel Prague"]
[Date "2016.08.19"]
[Round "2.16"]
[White "Carnicelli, Valerio"]
[Black "Morozov, Nichita"]
[Result "0-1"]
[WhiteElo "2244"]
[BlackElo "2398"]
[PlyCount "72"]
[EventDate "2016.08.18"]

1. e4 e5 2. Nf3 Nc6 3. d4 exd4 4. Bc4 Nf6 5. O-O Nxe4 6. Re1 d5 7. Bxd5 Qxd5 8.
Nc3 Qh5 9. Nxe4 Be6 10. Bg5 h6 11. Bf6 Qg6 12. Nh4 Qh7 13. Qh5 Kd7 14. Qb5 a6
15. Qd3 Re8 16. Bxd4 Kc8 17. Bc3 Rd8 18. Qe2 Be7 19. Nf3 Rhe8 20. Rad1 Rxd1 21.
Qxd1 Rd8 22. Qe2 Bf5 23. a3 Qg6 24. Qe3 h5 25. Qf4 Qg4 26. Qxg4 hxg4 27. Nfd2
Nd4 28. Bxd4 Rxd4 29. g3 b5 30. c3 Rd5 31. Re2 Kb8 32. Kg2 c5 33. Re1 c4 34.
Re2 Bd7 35. f3 f5 36. Nf2 Bc6 0-1

[Event "European Youth Chess Championship B18"]
[Site "Prague, Top Hotel Prague"]
[Date "2016.08.19"]
[Round "2.17"]
[White "Haria, Ravi"]
[Black "Chovan, Milan"]
[Result "1-0"]
[WhiteElo "2394"]
[BlackElo "2231"]
[PlyCount "75"]
[EventDate "2016.08.18"]

1. e4 c5 2. Nf3 d6 3. Bb5+ Nc6 4. O-O Bd7 5. Re1 Nf6 6. c3 a6 7. Bf1 Bg4 8. h3
Bxf3 9. Qxf3 e6 10. Qg3 Be7 11. d3 O-O 12. Nd2 Nd7 13. Nf3 Nde5 14. Bf4 Nxf3+
15. Qxf3 e5 16. Be3 Bg5 17. Be2 Bxe3 18. Qxe3 f5 19. exf5 Rxf5 20. Bf3 Qg5 21.
Bd5+ Kh8 22. Qxg5 Rxg5 23. a3 Rb8 24. b4 Ne7 25. Be4 cxb4 26. axb4 Rh5 27. b5
axb5 28. Reb1 d5 29. Bf3 Rh6 30. Rxb5 Rd6 31. Re1 Rbd8 32. Rxe5 R6d7 33. Rc5 g6
34. d4 b6 35. Rb5 Rc7 36. Rxb6 Nf5 37. Rb3 Rdc8 38. Bg4 1-0

[Event "European Youth Chess Championship B18"]
[Site "Prague, Top Hotel Prague"]
[Date "2016.08.19"]
[Round "2.18"]
[White "Bunyatov, Rustam"]
[Black "Hauge, Lars Oskar"]
[Result "0-1"]
[WhiteElo "2230"]
[BlackElo "2391"]
[PlyCount "76"]
[EventDate "2016.08.18"]

1. e4 c5 2. Ne2 d6 3. g3 g6 4. Bg2 Bg7 5. c3 e5 6. d4 Qc7 7. dxe5 dxe5 8. Na3
Be6 9. Nc2 Nf6 10. Ne3 O-O 11. O-O Rd8 12. Nd5 Bxd5 13. exd5 c4 14. Bg5 Nbd7
15. Qc2 h6 16. Bxf6 Nxf6 17. Rad1 Rd6 18. Rd2 Rad8 19. Rfd1 h5 20. h3 Bh6 21.
f4 Qc5+ 22. Kh2 exf4 23. Nxf4 Bxf4 24. gxf4 Nxd5 25. Qe4 Nf6 26. Rxd6 Rxd6 27.
Qe7 Rd5 28. Qxc5 Rxc5 29. Rd8+ Kg7 30. Rb8 b6 31. a4 Rc7 32. a5 bxa5 33. Rb5 h4
34. Rxa5 Nh5 35. f5 g5 36. Bf1 Ng3 37. Bg2 Kf6 38. Ra4 Nxf5 0-1

[Event "European Youth Chess Championship B18"]
[Site "Prague, Top Hotel Prague"]
[Date "2016.08.19"]
[Round "2.19"]
[White "Laiz, Ibanez Hector"]
[Black "Plenca, Jadranko"]
[Result "0-1"]
[WhiteElo "2229"]
[BlackElo "2389"]
[PlyCount "70"]
[EventDate "2016.08.18"]

1. e4 e5 2. Nf3 Nc6 3. Bb5 a6 4. Bxc6 dxc6 5. O-O Bg4 6. h3 h5 7. d3 Qf6 8.
Nbd2 g5 9. b3 Qg7 10. Bb2 f6 11. Re1 Be6 12. d4 g4 13. Nh4 gxh3 14. g3 O-O-O
15. c3 Nh6 16. Nf1 Bd6 17. Qd3 Rhg8 18. Rad1 Ng4 19. Rd2 Qg5 20. Kh1 Rd7 21.
Rde2 Qg7 22. f3 Nh6 23. d5 cxd5 24. exd5 Bc5 25. c4 Re8 26. Qe4 Bg8 27. Nf5
Nxf5 28. Qxf5 h4 29. Qxh3 hxg3 30. Qxg3 Bh7 31. Rh2 Rg8 32. Rg2 Qxg3 33. Nxg3
Rdg7 34. Kh2 Bd3 35. Rgg1 Bf2 0-1

[Event "European Youth Chess Championship B18"]
[Site "Prague, Top Hotel Prague"]
[Date "2016.08.19"]
[Round "2.20"]
[White "Huber, Martin Christian"]
[Black "Jablonicky, Martin"]
[Result "1/2-1/2"]
[WhiteElo "2377"]
[BlackElo "2198"]
[PlyCount "48"]
[EventDate "2016.08.18"]

1. d4 Nf6 2. c4 g6 3. Nc3 Bg7 4. e4 O-O 5. Nf3 d6 6. h3 e5 7. d5 a5 8. Be3 Na6
9. g4 Nd7 10. Be2 Ndc5 11. Qd2 f5 12. gxf5 gxf5 13. Bg5 Qe8 14. exf5 e4 15. Nh4
Nd3+ 16. Kf1 Bxf5 17. Be3 Nac5 18. Nxf5 Rxf5 19. Rh2 Qe5 20. Rg2 Raf8 21. Kg1
Nxf2 22. Bd4 Nxh3+ 23. Kh1 Nf2+ 24. Kg1 Nh3+ 1/2-1/2

[Event "European Youth Chess Championship B18"]
[Site "Prague, Top Hotel Prague"]
[Date "2016.08.19"]
[Round "2.21"]
[White "Garanin, Aleksei"]
[Black "Tutisani, Noe"]
[Result "0-1"]
[WhiteElo "2118"]
[BlackElo "2366"]
[PlyCount "76"]
[EventDate "2016.08.18"]

1. d4 Nf6 2. c4 e6 3. Nf3 c5 4. Nc3 cxd4 5. Nxd4 a6 6. e4 d6 7. Be2 b6 8. Bf3
Ra7 9. Be3 Rc7 10. Qa4+ Nfd7 11. Nde2 Nc6 12. Rd1 Bb7 13. Bf4 Nce5 14. b3 Qc8
15. Qa3 Nxf3+ 16. gxf3 e5 17. Bg5 h6 18. Bh4 d5 19. Qb2 d4 20. Nd5 Bxd5 21.
exd5 Bb4+ 22. Kf1 b5 23. a3 Bd6 24. Bg3 d3 25. Nd4 Nc5 26. cxb5 Qh3+ 27. Kg1
O-O 28. b6 Rb7 29. b4 Rxb6 30. Nc6 Re8 31. Qd2 Na4 32. Re1 Rb5 33. Qxd3 Nb6 34.
Nxe5 Bxe5 35. Bxe5 Rxd5 36. Qc3 Na4 37. Qa1 Qxf3 38. h4 Rexe5 0-1

[Event "European Youth Chess Championship B18"]
[Site "Prague, Top Hotel Prague"]
[Date "2016.08.19"]
[Round "2.22"]
[White "Caglar, Ahmet Ata"]
[Black "O`Donnell, Conor"]
[Result "0-1"]
[WhiteElo "1968"]
[BlackElo "2347"]
[PlyCount "58"]
[EventDate "2016.08.18"]

1. e4 e5 2. Nf3 d6 3. d4 exd4 4. Nxd4 Nf6 5. Nc3 Be7 6. Be2 O-O 7. Be3 Re8 8.
O-O Bf8 9. f3 d5 10. Bg5 dxe4 11. fxe4 Bc5 12. Bxf6 gxf6 13. Nd5 Rxe4 14. Nxf6+
Qxf6 15. Rxf6 Rxd4 16. Kh1 Rxd1+ 17. Rxd1 Kg7 18. Rf3 Nc6 19. Rd5 Bd6 20. Rg5+
Kf8 21. Bd3 Ne5 22. Rfg3 Ng6 23. Rf3 Be6 24. Bxg6 hxg6 25. Rxg6 Re8 26. Rg5 Bc4
27. g3 c6 28. Rc3 Bd5+ 29. Kg1 Bb4 0-1

[Event "European Youth Chess Championship B18"]
[Site "Prague, Top Hotel Prague"]
[Date "2016.08.19"]
[Round "2.23"]
[White "Portela, Peleteiro Alberto"]
[Black "Oztekin, Kerem Can"]
[Result "1-0"]
[WhiteElo "2340"]
[BlackElo "1910"]
[PlyCount "61"]
[EventDate "2016.08.18"]

1. e4 c5 2. Nf3 g6 3. d4 cxd4 4. Nxd4 Bg7 5. c4 Nc6 6. Be3 Nf6 7. Nc3 d6 8. Be2
Bd7 9. O-O O-O 10. h3 Nxd4 11. Bxd4 Bc6 12. Qc2 Nd7 13. Bxg7 Kxg7 14. b4 b6 15.
Rad1 a5 16. a3 axb4 17. axb4 Qc7 18. Qd2 Nf6 19. g4 Kg8 20. Qd4 Ra3 21. g5 Rxc3
22. Qxc3 Nxe4 23. Qe3 f5 24. c5 bxc5 25. bxc5 f4 26. Bc4+ Kg7 27. cxd6 fxe3 28.
dxc7 exf2+ 29. Kh2 Rc8 30. Rd8 Nd6 31. Be6 1-0

[Event "European Youth Chess Championship B18"]
[Site "Prague, Top Hotel Prague"]
[Date "2016.08.19"]
[Round "2.24"]
[White "Radulescu, Vlad-Alexandru"]
[Black "Jarmula, Lukasz"]
[Result "0-1"]
[WhiteElo "2029"]
[BlackElo "2452"]
[PlyCount "70"]
[EventDate "2016.08.18"]

1. e4 c5 2. c4 Nc6 3. Nc3 Nf6 4. g3 e6 5. Bg2 d5 6. exd5 exd5 7. Nxd5 Nxd5 8.
Bxd5 Nb4 9. Be4 Nd3+ 10. Bxd3 Qxd3 11. Qe2+ Qxe2+ 12. Nxe2 Bg4 13. O-O O-O-O
14. Nc3 Bf3 15. Re1 g6 16. d3 Rxd3 17. Re3 Rxe3 18. Bxe3 b6 19. Re1 Bg7 20. Bf4
Bxc3 21. bxc3 Rd8 22. h3 f6 23. g4 g5 24. Be3 Rd3 25. Rc1 Kb7 26. Rc2 Be4 27.
Rd2 Rxc3 28. Rd6 Rxc4 29. Rxf6 Ra4 30. Bxg5 Rxa2 31. Re6 Bd3 32. f4 b5 33. f5
b4 34. f6 b3 35. Bc1 Ra1 0-1

[Event "European Youth Chess Championship B18"]
[Site "Prague, Top Hotel Prague"]
[Date "2016.08.19"]
[Round "2.25"]
[White "Kaczur, Florian"]
[Black "Miknevicius, Laurynas"]
[Result "1-0"]
[WhiteElo "2426"]
[BlackElo "2150"]
[PlyCount "83"]
[EventDate "2016.08.18"]

1. c4 c6 2. Nf3 d5 3. e3 g6 4. d4 Bg7 5. Bd3 Nf6 6. O-O O-O 7. Nc3 Bf5 8. Bxf5
gxf5 9. b3 Nbd7 10. Bb2 Ne4 11. Ne2 e6 12. Nf4 Ndf6 13. Qe2 Rc8 14. Rfc1 Qa5
15. Ne5 h6 16. f3 Ng5 17. c5 Qd8 18. b4 Nd7 19. h4 Nxe5 20. dxe5 Nh7 21. Qf2
Qc7 22. Qg3 Kh8 23. Nh5 Rg8 24. Qf4 Nf8 25. Qd4 Ng6 26. f4 Qe7 27. g3 Nf8 28.
Kf2 Nd7 29. Rg1 Bf8 30. Nf6 Nxf6 31. exf6 Qc7 32. h5 Rg4 33. Qe5 Qd8 34. Bd4
Qd7 35. a4 Qd8 36. a5 b6 37. axb6 axb6 38. Ra7 bxc5 39. bxc5 Kg8 40. Rb1 Qe8
41. Rbb7 Ra8 42. Rxf7 1-0

[Event "European Youth Chess Championship B18"]
[Site "Prague, Top Hotel Prague"]
[Date "2016.08.19"]
[Round "2.26"]
[White "Kantor, Gergely"]
[Black "Nastase, Robert-Paul"]
[Result "1/2-1/2"]
[WhiteElo "2411"]
[BlackElo "2163"]
[PlyCount "56"]
[EventDate "2016.08.18"]

1. d4 f5 2. Bg5 h6 3. Bh4 g5 4. e3 Nf6 5. Bg3 d6 6. Nc3 e6 7. Qd2 Qe7 8. O-O-O
a6 9. f3 b5 10. Bd3 Bb7 11. e4 b4 12. Nce2 fxe4 13. fxe4 Nxe4 14. Qxb4 Bc6 15.
Nf3 Bg7 16. Nc3 a5 17. Qa3 Nxg3 18. Bg6+ Kd8 19. hxg3 Nd7 20. Rhf1 Rf8 21. Ne2
Nb6 22. Qd3 Bb7 23. Rfe1 Ba6 24. Qc3 Nd5 25. Qd2 g4 26. Nh2 Bf6 27. Nf4 Nxf4
28. gxf4 Bh4 1/2-1/2